000 00504nam a2200181Ia 4500
005 20250317121238.0
008 008 250317s9999 xx 000 0 eng d
037 _aTextbook
040 _aFMSL
_beng
_cFMSL
041 _aeng
_2eng
084 _aX:512 K0;1J9;1
_qFMSL
100 _aTack A
_9126409
245 0 _aSuccessful sales management
260 _aLondon
_bLondon, World's Work
_c1960
300 _a344p
942 _cTB
_hX:512 K0;1J9;1
999 _c1242164
_d1242164